000
002630000a22000970004500
100
1
_a
Kessler, Rainer
245
1
0
_a
Die angeblichen kornhändler von Amos 8:4-7
300
_a
Vol. 39, Num. 1 (Enero, 1989), Páginas 13-22
773
0
_t
Vetus Testamentum
942
_c
ANA
999
_c
57454
_d
57454